000 00633cam a22002293a 4500
001 4256
003 PGUSA
005 20140828083051.0
008 030701s2003||||xxu|||||s|||||000 | eng d
040 _aPGUSA
_beng
042 _adc
050 4 _aRC
100 1 _aBogue, Benjamin Nathaniel
245 1 0 _aStammering, Its Cause and Cure
_h[electronic resource] /
_cBenjamin Nathaniel Bogue
260 _bProject Gutenberg,
_c2003
506 _aPublic domain in the USA.
516 _aElectronic text
653 _aStuttering
830 0 _aProject Gutenberg
_v4256
856 4 0 _uhttp://www.gutenberg.org/ebooks/4256
942 _cEB
999 _c233585
_d233585